Irrupción del movimiento obrero en la vida nacional: período de exclusión 1880-1920

Uloženo v:
Podrobná bibliografie
Médium: Kniha
Jazyk:španělština
Vydáno: Santiago, Chile Centro de Estudios del Trabajo CETRA-CEA 1983
Edice:Cuadernos de Historia Popular. Serie Historia del Movimiento Obrero, 3
Témata:
Tagy: Přidat tag
Žádné tagy, Buďte první, kdo vytvoří štítek k tomuto záznamu!

MARC

LEADER 00000nam a2200000 a 4500
001 UCX2416
003 CL-VaPUC
005 20200703095918.0
008 910513e19830000CL |||||||||||||||||spa|d
999 |c 223443  |d 223441 
040 |c Pontificia Universidad Católica de Valparaíso 
082 0 4 |a 322.2 IRR 1983  |2 21 
245 1 0 |a Irrupción del movimiento obrero en la vida nacional:  |b  período de exclusión 1880-1920 
260 |a Santiago, Chile  |b Centro de Estudios del Trabajo CETRA-CEA  |c 1983 
300 |a 28 páginas 
490 0 |a Cuadernos de Historia Popular. Serie Historia del Movimiento Obrero,  |v  3 
583 |a last modification  |c 19910513 00:00:00  |k Rodrigo Vera 
650 7 |a TRABAJO Y EMPLEO  |2 CL-VaPUC  |9 318343  |x TRABAJADORES  |z CHILE 
852 |a BIBCUR 
942 |c BK  |2 ddc 
945 |d 19910513 00:00:00 
952 |0 0  |1 0  |2 ddc  |4 0  |6 322_200000000000000_IRR_1983  |7 0  |8 A  |9 219224  |a BIBHIS  |b BIBHIS  |d 2019-11-15  |i 2879948  |o 322.2 IRR 1983  |p 2879948  |r 2025-01-20  |t 1  |w 2019-11-15  |y BK  |k HIS